300 największych miast w polsce - Statystyki

Ogólne statystyki
  • Ten quiz został rozwiązany 1 980 razy
  • Średni wynik to 165 z 300
Statystyki odpowiedzi
Msc. Miasto Województwo L. Mieszkańców % Poprawnych
1 Warszawa Mazowieckie 1.861 mln
93%
2 Kraków Małopolskie 803 tys
91%
6 Gdańsk Pomorskie 486 tys
90%
4 Łódź Łódzkie 658 tys
90%
3 Wrocław Dolnośląskie 674 tys
90%
12 Gdynia Pomorskie 242 tys
89%
8 Lublin Lubelskie 331 tys
89%
5 Poznań Wielkopolskie 541 tys
89%
7 Szczecin Zachodniopomorskie 391 tys
89%
10 Białystok Podlaskie 292 tys
87%
11 Katowice Śląskie 279 tys
87%
9 Bydgoszcz Kujawsko-Pomorskie 330 tys
86%
15 Rzeszów Podkarpackie 196 tys
85%
16 Toruń Kujawsko-Pomorskie 195 tys
85%
13 Częstochowa Śląskie 207 tys
84%
18 Kielce Świętokrzyskie 183 tys
84%
20 Olsztyn Warmińsko-Mazurskie 167 tys
84%
27 Opole Opolskie 126 tys
84%
14 Radom Mazowieckie 197 tys
84%
24 Zielona góra Lubuskie 139 tys
83%
31 Elbląg Warmińsko-mazurskie 113 tys
82%
29 Gorzów Wielkopolski Lubuskie 115 tys
82%
19 Gliwice Śląskie 170 tys
81%
32 Płock Mazowieckie 111 tys
80%
17 Sosnowiec Śląskie 188 tys
80%
34 Tarnów Małopolskie 103 tys
80%
21 Bielsko-Biała Śląskie 166 tys
79%
23 Bytom Śląskie 148 tys
79%
66 Ełk Warmińsko-Mazurskie 59 tys
79%
33 Koszalin Zachodniopomorskie 105 tys
79%
22 Zabrze Śląskie 154 tys
79%
51 Lubin Dolnośląskie 68 tys
78%
28 Tychy Śląskie 122 tys
78%
38 Kalisz Wielkopolskie 93 tys
77%
215 Koło Wielkopolskie 19 tys
77%
39 Legnica Dolnośląskie 92 tys
77%
139 Sopot Pomorskie 32 tys
77%
50 Suwałki Podlaskie 68 tys
77%
35 Włocławek Kujawsko Pomorskie 101 tys
77%
36 Chorzów Śląskie 101 tys
76%
46 Jelenia Góra Dolnośląskie 75 tys
76%
44 Nowy Sącz Małopolskie 80 tys
76%
48 Piła Wielkopolskie 70 tys
76%
37 Wałbrzych Dolnośląskie 101 tys
76%
53 Inowrocław Kujawsko-Pomorskie 66 tys
75%
25 Rybnik Śląskie 131 tys
75%
42 Słupsk Pomorskie 86 tys
75%
69 Chełm Lubelskie 57 tys
74%
30 Dąbrowa Górnicza Śląskie 114 tys
74%
57 Gniezno Wielkopolskie 63 tys
74%
40 Grudziądz Kujawsko-Pomorskie 89 tys
74%
52 Konin Wielkopolskie 67 tys
74%
54 Piotrków Trybunalski Łódzkie 66 tys
74%
26 Ruda Śląska Śląskie 131 tys
73%
67 Zamość Lubelskie 58 tys
73%
65 Łomża Podlaskie 59 tys
72%
56 Pruszków Mazowieckie 65 tys
72%
72 Przemyśl Podkarpackie 56 tys
72%
45 Siedlce Mazowieckie 75 tys
72%
171 Zakopane Małopolskie 25 tys
72%
43 Jastrzębie-zdrój Śląskie 82 tys
70%
99 Kołobrzeg Zachodniopomorskie 43 tys
70%
64 Leszno Wielkopolskie 60 tys
70%
108 Świnoujście Zachodniopomorskie 39 tys
70%
75 Biała Podlaska Lubelskie 54 tys
69%
204 Jawor Dolnośląskie 20 tys
69%
95 Krosno Podkarpackie 44 tys
69%
116 Malbork Pomorskie 36 tys
69%
55 Stargard Zachodniopomorskie 65 tys
69%
61 Żory Śląskie 61 tys
69%
79 Bełchatów Łódzkie 52 tys
68%
60 Głogów Dolnośląskie 62 tys
68%
74 Kędzierzyn Koźle Opolskie 54 tys
68%
41 Jaworzno Ślaskie 87 tys
67%
80 Legionowo Mazowieckie 52 tys
67%
47 Mysłowice Śląskie 71 tys
67%
134 Nowy Targ Małopolskie 33 tys
67%
85 Ostrołęka Mazowieckie 48 tys
67%
59 Ostrowiec Świętokrzyski Świętokrzyskie 62 tys
67%
49 Ostrów Wielkopolski Wielkopolskie 69 tys
67%
97 Tarnobrzeg Podkarpackie 44 tys
67%
68 Tomaszów Mazowiecki Łodzkie 57 tys
67%
87 Wejherowo Pomorskie 46 tys
67%
71 Mielec Podkarpackie 57 tys
66%
62 Tarnowskie Góry Śląskie 61 tys
66%
151 Augustów Podlaskie 29 tys
65%
130 Brzeg Opolskie 33 tys
65%
63 Pabianice Łódzkie 60 tys
65%
96 Puławy Lubelskie 44 tys
65%
90 Skierniewice Łódzkie 45 tys
65%
73 Stalowa Wola Podkarpackie 55 tys
65%
70 Tczew Pomorskie 57 tys
65%
98 Otwock Mazowieckie 43 tys
64%
82 Piaseczno Mazowieckie 51 tys
64%
83 Piekary Śląskie Śląskie 51 tys
64%
100 Radomsko Łódzkie 43 tys
64%
58 Siemianowice Ślaskie Śląskie 63 tys
64%
77 Zgierz Łódzkie 53 tys
64%
76 Będzin Śląskie 54 tys
63%
132 Cieszyn Śląskie 33 tys
63%
101 Dębica Podkarpackie 43 tys
63%
138 Iława Warmińsko-mazurskie 32 tys
63%
106 Nysa Opolskie 40 tys
63%
119 Oświęcim Małopolskie 35 tys
63%
89 Starogard Gdański Pomorskie 45 tys
63%
78 Świdnica Dolnośląskie 53 tys
63%
122 Jarosław Podkarpackie 35 tys
62%
107 Mińsk Mazowiecki Mazowieckie 39 tys
62%
81 Rumia Pomorskie 52 tys
62%
105 Kutno Łódzkie 41 tys
61%
84 Racibórz Śląskie 49 tys
61%
88 Świętochłowice Śląskie 45 tys
61%
113 Szczecinek Zachodniopomorskie 37 tys
61%
124 Żary Lubuskie 35 tys
61%
102 Ciechanów Mazowieckie 41 tys
60%
135 Jasło Podkarpackie 32 tys
60%
196 Sandomierz Świętokrzyskie 21 tys
60%
94 Starachowice Świętokrzyskie 44 tys
60%
161 Wieliczka Małopolskie 27 tys
60%
92 Wodzisław Śląski Śląskie 44 tys
60%
91 Ząbki Mazowieckie 45 tys
60%
86 Zawiercie Śląskie 46 tys
60%
110 Chojnice Pomorskie 38 tys
59%
127 Grodzisk Mazowiecki Mazowieckie 34 tys
59%
126 Sanok Podkarpackie 34 tys
59%
109 Sieradz Łódzkie 38 tys
59%
103 Skarżysko Kamienna Świętokrzyskie 41 tys
59%
148 Żywiec Śląskie 29 tys
59%
173 Kłodzko Dolnośląskie 24 tys
58%
133 Oława Dolnośląskie 33 tys
58%
150 Zgorzelec Dolnośląskie 29 tys
58%
114 Bolesławiec Dolnośląskie 37 tys
57%
129 Lębork Pomorskie 34 tys
57%
154 Nowy Dwór Mazowiecki Mazowieckie 28 tys
57%
123 Oleśnica Dolnośląskie 35 tys
57%
147 Police Zachodniopomorskie 29 tys
57%
117 Świdnik Lubelskie 36 tys
57%
121 Wołomin Mazowieckie 35 tys
57%
93 Marki Mazowieckie 44 tys
56%
145 Mława Mazowieckie 30 tys
56%
112 Żyrardów Mazowieckie 38 tys
56%
153 Bochnia Małopolskie 28 tys
55%
162 Giżycko Warmińsko-mazurskie 27 tys
55%
166 Łowicz Łódzkie 26 tys
55%
104 Mikołów Śląskie 41 tys
55%
118 Nowa Sól Lubuskie 36 tys
55%
137 Olkusz Małopolskie 32 tys
55%
143 Ostróda Warmińsko-mazurskie 31 tys
55%
149 Myszków Śląskie 29 tys
54%
140 Pruszcz Gdański Pomorskie 32 tys
54%
111 Zduńska Wola Łódzkie 38 tys
54%
115 Kwidzyn Pomorskie 37 tys
53%
128 Chrzanów Małopolskie 34 tys
52%
125 Czechowice-Dziedzice Śląskie 34 tys
52%
142 Kraśnik Lubelskie 31 tys
52%
241 Wadowice Małopolskie 17 tys
52%
181 Żagań Lubuskie 23 tys
52%
187 Kluczbork Opolskie 22 tys
51%
205 Mrągowo Warmińsko-Mazurskie 20 tys
51%
172 Pszczyna Śląskie 25 tys
51%
152 Reda Pomorskie 28 tys
51%
131 Sochaczew Mazowieckie 33 tys
51%
176 Turek Wielkopolskie 24 tys
51%
206 Wieluń Łódzkie 20 tys
51%
141 Września Wielkopolskie 31 tys
51%
180 Wałcz Zachodniopomorskie 23 tys
50%
188 Aleksandrów Łódzki Łódzkie 22 tys
49%
179 Bielsk Podlaski Podlaskie 23 tys
49%
259 Bytów Pomorskie 16 tys
49%
146 Czeladź Śląskie 29 tys
49%
144 Dzierżoniów Dolnośląskie 30 tys
49%
183 Lubliniec Śląskie 23 tys
49%
197 Polkowice Dolnośląskie 21 tys
49%
174 Biłgoraj Lubelskie 24 tys
48%
156 Brodnica Kujawsko-Pomorskie 28 tys
48%
210 Gostyń Wielkopolskie 19 tys
48%
219 Hajnówka Podlaskie 19 tys
48%
269 Hrubieszów Lubelskie 16 tys
48%
165 Jarocin Wielkopolskie 26 tys
48%
218 Opoczno Łódzkie 19 tys
48%
193 Płońsk Mazowieckie 21 tys
48%
216 Pułtusk Mazowieckie 19 tys
48%
202 Świebodzin Lubuskie 20 tys
48%
195 Bartoszyce Warmińsko-Mazurskie 21 tys
47%
242 Garwolin Mazowieckie 17 tys
47%
168 Gorlice Małopolskie 25 tys
47%
255 Grójec Mazowieckie 16 tys
47%
170 Kętrzyn Warmińsko-mazurskie 25 tys
47%
184 Kościerzyna Pomorskie 23 tys
47%
232 Myślenice Małopolskie 17 tys
47%
177 Środa Wielkopolska Wielkopolskie 24 tys
47%
212 Gryfino Zachodniopomorskie 19 tys
46%
295 Limanowa Małopolskie 14 tys
46%
163 Łuków Lubelskie 27 tys
46%
194 Ostrów Mazowiecka Mazowieckie 21 tys
46%
160 Śrem Wielkopolskie 28 tys
46%
189 Szczytno Warmińsko-Mazurskie 21 tys
46%
167 Wyszków Mazowieckie 26 tys
46%
203 Zambrów Podlaskie 20 tys
46%
297 Busko-Zdrój Świętokrzyskie 14 tys
45%
281 Gryfice Zachodniopomorskie 15 tys
45%
136 Luboń Wielkopolskie 32 tys
45%
155 Swarzędz Wielkopolskie 28 tys
45%
223 Andrychów Małopolskie 18 tys
44%
120 Knurów Ślaskie 35 tys
44%
233 Łęczna Lubelskie 17 tys
44%
211 Lubartów Lubelskie 19 tys
44%
254 Namysłów Opolskie 16 tys
44%
235 Pisz Warmińsko-Mazurskie 17 tys
44%
213 Rawicz Wielkopolskie 19 tys
44%
231 Tomaszów Lubelski Lubelskie 17 tys
44%
272 Brzesko Małopolskie 15 tys
43%
286 Grodzisk Wielkopolski Wielkopolskie 15 tys
43%
238 Końskie Świętokrzyskie 17 tys
43%
271 Rawa Mazowiecka Łódzkie 16 tys
43%
263 Słubice Lubuskie 16 tys
43%
186 Białogard Zachodniopomorskie 22 tys
42%
226 Chełmno Kujawsko-Pomorskie 18 tys
42%
201 Grajewo Podlaskie 20 tys
42%
240 Krasnystaw Lubelskie 17 tys
42%
157 Krotoszyn Wielkopolskie 28 tys
42%
236 Łańcut Podkarpackie 17 tys
42%
214 Lubań Dolnośląskie 19 tys
42%
175 Świecie Kujawsko-Pomorskie 24 tys
42%
265 Braniewo Warmińsko-Mazurskie 16 tys
41%
249 Nakło nad Notecią Kujawsko-Pomorskie 17 tys
41%
217 Prudnik Opolskie 19 tys
41%
248 Strzelce Opolskie Opolskie 17 tys
41%
192 Goleniów Zachodniopomorskie 21 tys
40%
247 Gostynin Mazowieckie 17 tys
40%
182 Kościan Wielkopolskie 23 tys
40%
237 Kostrzyn nad Odrą Lubuskie 17 tys
40%
250 Sierpc Mazowieckie 16 tys
40%
224 Sokołów Podlaski Mazowieckie 18 tys
40%
225 Szamotuły Wielkopolskie 18 tys
40%
209 Działdowo Warmińsko-Mazurskie 20 tys
39%
292 Lidzbark Warmiński Warmińsko-Mazurskie 14 tys
39%
253 Międzyrzecz Lubuskie 16 tys
39%
243 Oborniki Wielkopolskie 17 tys
39%
169 Wągrowiec Wielkopolskie 25 tys
39%
158 Bielawa Dolnośląskie 28 tys
38%
221 Bieruń Śląskie 18 tys
38%
244 Kamienna Góra Dolnośląskie 17 tys
38%
267 Łask Łódzkie 16 tys
38%
275 Olecko Warmińsko-Mazurskie 15 tys
38%
262 Przasnysz Mazowieckie 16 tys
38%
266 Bogatynia Dolnośląskie 16 tys
37%
164 Czerwionka-Leszczyny Śląskie 26 tys
37%
200 Józefów Mazowieckie 21 tys
37%
257 Pleszew Wielkopolskie 16 tys
37%
282 Rypin Kujawsko Pomorskie 15 tys
37%
246 Sokółka Podlaskie 17 tys
37%
198 Sulejówek Mazowieckie 21 tys
37%
300 Ząbkowice Śląskie Dolnośląskie 14 tys
37%
227 Złotów Wielkopolskie 18 tys
37%
185 Piastów Mazowieckie 22 tys
36%
299 Radzyń Podlaski Lubelskie 14 tys
36%
178 Skawina Małopolskie 24 tys
36%
273 Ustroń Śląskie 15 tys
36%
252 Konstancin - Jeziorna Mazowieckie 16 tys
35%
278 Kozienice Mazowieckie 15 tys
35%
284 Krapkowice Opolskie 15 tys
35%
256 Niepołomice Małopolskie 16 tys
35%
222 Trzebinia Małopolskie 18 tys
35%
239 Chodzież Wielkopolskie 17 tys
34%
228 Łomianki Mazowieckie 18 tys
34%
293 Nisko Podkarpackie 14 tys
34%
277 Gubin Lubuskie 15 tys
33%
159 Kobyłka Mazowieckie 28 tys
33%
199 Łaziska Górne Śląskie 21 tys
33%
290 Świdwin Zachodniopomorskie 14 tys
33%
293 Łapy Podlaskie 14 tys
32%
260 Lędziny Śląskie 16 tys
32%
268 Radzionków Śląskie 16 tys
32%
234 Kęty Małopolskie 17 tys
31%
283 Ożarów Mazowiecki Mazowieckie 15 tys
31%
291 Przeworsk Podkarpackie 14 tys
31%
289 Radzymin Mazowieckie 14 tys
31%
191 Świebodzice Dolnośląskie 21 tys
31%
220 Konstantynów łódzki Łódzkie 19 tys
30%
207 Nowa Ruda Dolnośląskie 20 tys
30%
208 Rydułtowy Śląskie 20 tys
30%
288 Strzegom Dolnośląskie 15 tys
30%
261 Milanówek Mazowieckie 16 tys
29%
258 Trzcianka Wielkopolskie 16 tys
29%
264 Pionki Mazowieckie 16 tys
28%
274 Ropczyce Podkarpackie 15 tys
28%
285 Solec Kujawski Kujawsko Pomorskie 15 tys
28%
230 Zielonka Mazowieckie 18 tys
28%
270 Libiąż Małopolskie 16 tys
27%
280 Międzyrzec Podlaski Lubelskie 15 tys
27%
276 Nowogard Zachodniopomorskie 15 tys
27%
279 Sulechów Lubuskie 15 tys
27%
296 Brwinów Mazowieckie 14 tys
26%
287 Jelcz-Laskowice Dolnośląskie 15 tys
26%
190 Orzesze Śląskie 21 tys
26%
251 Radlin Śląskie 16 tys
26%
298 Mosina Wielkopolskie 14 tys
24%
229 Ozorków Łódzkie 18 tys
24%
245 Pyskowice Śląskie 17 tys
24%
Nie znaleziono quizów pasujących do podanych kryteriów
Rozkład punktacji
Procent ludzi z każdym wynikiem
Percentyl według liczby udzielonych odpowiedzi
Twoja historia wyników
Nie rozwiązałeś tego quizu